| 000 | 00782cam a2200265 a 4500 | ||
|---|---|---|---|
| 001 | 146203 | ||
| 003 | OSt | ||
| 005 | 20180921 | ||
| 008 | 0000002006 dr 0000000000 00 | ||
| 110 | _aRepública Dominicana. Presidente (2000-2006 : Leonel Antonio Fernández Reyna | ||
| 245 | _aDecreto no. 316-06 sobre los reglamentos generales de los bomberos | ||
| 260 |
_aSanto Domingo : _b[s. n. |
||
| 300 | _a16 h. | ||
| 650 | _aBomberos | ||
| 040 |
_aDLC _cDLC |
||
| 942 |
_2ddc _cBK |
||
| 999 |
_c146203 _d14620300 |
||